000 00485pab a2200181 454500
008 180718b1996 xxu||||| |||| 00| 0 eng d
100 _aKaul, Mohan
245 _aManagement innovations in government
_bsome international experiences.
260 _c1996
300 _ap.31-41
362 _aApr-Jun
650 _aManagement - India
650 _aPublic administration - India
650 _aCivil service
650 _aPublic administration
773 _aVikalpa
909 _a31654
999 _c31654
_d31654